Rozsypanka literowa - polscy autorzy - Statystyki

Ogólne statystyki
  • Ten quiz został rozwiązany 1 408 razy
  • Średni wynik to 11 z 20
Statystyki odpowiedzi
Autor % Poprawnych
Lem
95%
Prus
92%
Tuwim
89%
Miłosz
78%
Mickiewicz
77%
Fredro
73%
Herbert
65%
Słowacki
61%
Leśmian
58%
Krasiński
56%
Sienkiewicz
53%
Konopnicka
52%
Szymborska
49%
Brzechwa
36%
Gałczyński
33%
Tokarczuk
26%
Kraszewski
18%
Nałkowska
18%
Iwaszkiewicz
15%
Broniewski
14%
Nie znaleziono quizów pasujących do podanych kryteriów
Rozkład punktacji
Procent ludzi z każdym wynikiem
Percentyl według liczby udzielonych odpowiedzi
Twoja historia wyników
Nie rozwiązałeś tego quizu